Water and Wastewater Calculations Manual / (Record no. 11154)
[ view plain ]
| 000 -LEADER | |
|---|---|
| fixed length control field | 01480cam a22003618a 4500 |
| 001 - CONTROL NUMBER | |
| control field | 14847080 |
| 005 - DATE AND TIME OF LATEST TRANSACTION | |
| control field | 20201128020729.0 |
| 008 - FIXED-LENGTH DATA ELEMENTS--GENERAL INFORMATION | |
| fixed length control field | 070511s2007 nyu 001 0 eng |
| 010 ## - LIBRARY OF CONGRESS CONTROL NUMBER | |
| LC control number | 2007020112 |
| 020 ## - INTERNATIONAL STANDARD BOOK NUMBER | |
| International Standard Book Number | 0071476245 (alk. paper) |
| 020 ## - INTERNATIONAL STANDARD BOOK NUMBER | |
| International Standard Book Number | 9780071476249 |
| 040 ## - CATALOGING SOURCE | |
| Original cataloging agency | DLC |
| Transcribing agency | DLC |
| Modifying agency | DLC |
| 050 00 - LIBRARY OF CONGRESS CALL NUMBER | |
| Classification number | TD351 |
| Item number | .L55 2007 |
| 082 00 - DEWEY DECIMAL CLASSIFICATION NUMBER | |
| Classification number | 628.10151 |
| Edition number | 22 |
| Item number | LIN |
| 100 1# - MAIN ENTRY--PERSONAL NAME | |
| Personal name | Lin, Shundar. |
| 9 (RLIN) | 2999 |
| 245 10 - TITLE STATEMENT | |
| Title | Water and Wastewater Calculations Manual / |
| Statement of responsibility, etc | Shun Dar Lin, C. C. Lee. |
| 250 ## - EDITION STATEMENT | |
| Edition statement | 2nd ed. |
| 260 ## - PUBLICATION, DISTRIBUTION, ETC. (IMPRINT) | |
| Place of publication, distribution, etc | New York : |
| Name of publisher, distributor, etc | McGraw-Hill, |
| Date of publication, distribution, etc | c2007. |
| 263 ## - PROJECTED PUBLICATION DATE | |
| Projected publication date | 0706 |
| 300 ## - PHYSICAL DESCRIPTION | |
| Extent | xi, 945 p. : |
| Other physical details | ill. ; |
| Dimensions | 24 cm. |
| 500 ## - GENERAL NOTE | |
| General note | Includes index. |
| 650 #0 - SUBJECT ADDED ENTRY--TOPICAL TERM | |
| Topical term or geographic name as entry element | Water-supply |
| General subdivision | Mathematics |
| Form subdivision | Handbooks, manuals, etc. |
| 9 (RLIN) | 3000 |
| 650 #0 - SUBJECT ADDED ENTRY--TOPICAL TERM | |
| Topical term or geographic name as entry element | Water |
| General subdivision | Purification |
| -- | Mathematics |
| Form subdivision | Handbooks, manuals, etc. |
| 9 (RLIN) | 3001 |
| 650 #0 - SUBJECT ADDED ENTRY--TOPICAL TERM | |
| Topical term or geographic name as entry element | Hydrology |
| General subdivision | Mathematics |
| Form subdivision | Handbooks, manuals, etc. |
| 9 (RLIN) | 3002 |
| 650 #0 - SUBJECT ADDED ENTRY--TOPICAL TERM | |
| Topical term or geographic name as entry element | Sewage disposal |
| General subdivision | Mathematics |
| Form subdivision | Handbooks, manuals, etc. |
| 9 (RLIN) | 3003 |
| 650 #0 - SUBJECT ADDED ENTRY--TOPICAL TERM | |
| Topical term or geographic name as entry element | Sewage |
| General subdivision | Purification |
| -- | Mathematics |
| Form subdivision | Handbooks, manuals, etc. |
| 9 (RLIN) | 3004 |
| 700 1# - ADDED ENTRY--PERSONAL NAME | |
| Personal name | Lee, C. C. |
| 9 (RLIN) | 3005 |
| 856 42 - ELECTRONIC LOCATION AND ACCESS | |
| Materials specified | Contributor biographical information |
| Uniform Resource Identifier | <a href="http://www.loc.gov/catdir/enhancements/fy0726/2007020112-b.html">http://www.loc.gov/catdir/enhancements/fy0726/2007020112-b.html</a> |
| 856 41 - ELECTRONIC LOCATION AND ACCESS | |
| Materials specified | Table of contents only |
| Uniform Resource Identifier | <a href="http://www.loc.gov/catdir/enhancements/fy0726/2007020112-t.html">http://www.loc.gov/catdir/enhancements/fy0726/2007020112-t.html</a> |
| 856 42 - ELECTRONIC LOCATION AND ACCESS | |
| Materials specified | Publisher description |
| Uniform Resource Identifier | <a href="http://www.loc.gov/catdir/enhancements/fy0726/2007020112-d.html">http://www.loc.gov/catdir/enhancements/fy0726/2007020112-d.html</a> |
| 942 ## - ADDED ENTRY ELEMENTS (KOHA) | |
| Source of classification or shelving scheme | Dewey Decimal Classification |
| Item type | Book - Borrowing |
| Withdrawn status | Item status | Source of classification or shelving scheme | Damaged status | Not for loan | Vendor | Home library | Current library | Shelving location | Date acquired | Source of acquisition | Cost, normal purchase price | Serial Enumeration / chronology | Total Checkouts | Total Renewals | Full call number | Barcode | Date last seen | Date last borrowed | Koha item type |
|---|---|---|---|---|---|---|---|---|---|---|---|---|---|---|---|---|---|---|---|
| Dewey Decimal Classification | Alahram | Central Library | Central Library | First floor | 31/03/2009 | 630.00 | 371 | 2 | 10 | 628.10151 LIN | 000015749 | 15/07/2025 | 19/03/2015 | Book - Borrowing |